000 00752cam a2200205u 4500
001 6716128
005 20260428193940.0
008 260428s1979 sp 000 0 spa d
040 _aDLC
_cCarP
_dDLC
_dAR-MoUNM
082 0 4 _224.11
_aAR860
_bSARM 246
100 1 _aSarmiento, Domingo Faustino,
_d1811-1888.
_93278
245 1 0 _aRecuerdos de provincia /
_cDomingo F. Sarmiento ; prólogo, Susana Zanetti ... [et al.].
260 _aBuenos Aires :
_bCentro Editor de América Latina,
_cc1979.
300 _a248 p. ;
_c18 cm.
490 0 _a(Capítulo. Biblioteca argentina fundamental ;
_v17)
650 7 _aLITERATURA
_zARGENTINA
_2unescot
_91913
650 7 _aBIOGRAFIA
_2unescot
_93386
700 1 _913873
_aTorpe, Guillermo de.
_epról.
942 _cLIBRO
_2ddc
999 _c21733
_d21734